Broken Bones - KALEO lyrics - Statistics

General Stats
  • This quiz has been taken 11 times
  • The average score is 165 of 217
Answer Stats
Answer % Correct
A
100%
And
100%
Bones
100%
Broken
100%
Chains
100%
Go
100%
Got
100%
I
100%
On
100%
Only
100%
See
100%
You
100%
Ain't
80%
Another
80%
Been
80%
Call
80%
Care
80%
Come
80%
Day
80%
Deep
80%
Devil
80%
Devil's
80%
Don't
80%
Down
80%
For
80%
Free
80%
Gonna
80%
Hard
80%
Home
80%
If
80%
I've
80%
Lord
80%
Loud
80%
Make
80%
Man
80%
Me
80%
Mississippi
80%
More
80%
My
80%
No
80%
Place
80%
Rest
80%
Set
80%
So
80%
State
80%
Talk
80%
The
80%
Them
80%
Waiting
80%
Water
80%
What
80%
Away
60%
Busted
60%
Chance
60%
Chest
60%
Dollar
60%
Earned
60%
Every
60%
Eye
60%
Fear
60%
From
60%
Good
60%
His
60%
Hoping
60%
In
60%
Might
60%
Never
60%
Now
60%
Put
60%
Saw
60%
Say
60%
Shooter
60%
Six
60%
Stones
60%
Sure
60%
Texas
60%
Things
60%
To
60%
Took
60%
Two
60%
Unlike
60%
Walk
60%
Way
60%
Word
60%
At
40%
Break
40%
He'll
40%
He's
40%
Him
40%
Hope
40%
It
40%
Just
40%
Last
40%
Looked
40%
Of
40%
Some
40%
Stands
40%
Take
40%
There
40%
These
40%
White
40%
Wont
40%
No matching quizzes found
Score Distribution
Percent of People with Each Score
Percentile by Number Answered
Your Score History
You have not taken this quiz